|
|
แสดงรายละเอียดบรรณานุกรม |
|
|
Brief Record
: Get Marc (ISO 2709)
: E-mail record
: |
|
|
| LEADER 00000nama 2200000uu 4500 | |||
| 008 040531s|||| th m m a000 0 tha d | |||
| 020 974-8362-83-3 | |||
| 041 tha | |||
| 050 DS578.32.T43 ท622ร 2537 | |||
| 100 เทพรัตนราชสุดาฯสยามบรมราชกุมารี,สมเด็จพระ. | |||
| 245 รอยยิ้มหมีขาว. | |||
| 260 2537. อมริทร์พริ้นติ้งแอนด์พับลิชชิ่ง. กรุงเทพฯ. | |||
| 300 310หน้า. | |||
| 650 รัสเซีย--ภูมิประเทศและการท่องเที่ยว. | |||
| 995 001 | |||
| คุณยังไม่ได้ล็อกอิน คุณสามารถมีกิจกรรมร่วมกับเว็บไซต์ได้ แต่ต้องล็อกอินก่อน :: |
|
| สถานะ | |||||||||
| 1. | หนังสือทั่วไป | DS578.32.T43 ท622ร 2537 | On Shelf ขอยืม | ||||||
| 2. | หนังสือทั่วไป | DS578.32.T43 ท622ร 2537 | On Shelf ขอยืม | ||||||
| 3. | หนังสือทั่วไป | DS578.32.T43 ท622ร 2537 | On Shelf ขอยืม | ||||||
| [แสดง 3/3 รายการ] | |||||||||
| รายการใกล้เคียง ผู้แต่ง [เทพรัตนราชสุดาฯสยามบรมราชกุมารี,สมเด็จพระ.]
|
BibComment |
| คอมเมนท์ทรัพยากรรายการนี้ |
|
|